[Event "US Amateur West-ch"]
[Site "Palo Verde"]
[Date "2009.05.23"]
[Round "2"]
[White "St Pierre, Joseph"]
[Black "Riese, Kayven"]
[Result "1-0"]
[WhiteElo "2051"]
[BlackElo "1934"]
[PlyCount "39"]
[EventDate "2009.05.23"]
[EventType "swiss"]
[EventRounds "6"]
[EventCountry "USA"]
[SourceTitle "EXT 2014"]
[Source "ChessBase"]
[SourceDate "2013.11.20"]
[SourceVersion "1"]
[SourceVersionDate "2013.11.20"]
[SourceQuality "1"]

1. e4 c5 2. Nf3 d6 3. d4 cxd4 4. Nxd4 Nf6 5. Nc3 Nbd7 6. Bc4 a6 7. Bb3 e6 8. 0-0 Nc5 9. Qf3 b5 10. Bg5 Bb7 11. Rfe1 Be7 12. Rad1 Qc7 13. Bxf6 gxf6 14. Qh5 Bc8 15. Nf5 Bf8 16. Qh4 Nxb3 17. Qxf6 Rg8 18. cxb3 Rg6 19. Qh8 Qb7 20. Nxd6+ 1-0